|
|
|
|
| LEADER |
00000caa a2200000 a 4500 |
| 001 |
vtls010256097 |
| 003 |
SK-MaSNL |
| 005 |
20260302144448.0 |
| 008 |
110302s2006 xo o |f||||||||0|||slo |
| 015 |
|
|
|a SNBRA2008/02
|
| 035 |
|
|
|a SVKKK000088188
|
| 038 |
|
|
|a SVKKK
|
| 040 |
|
|
|a SVKKK
|b slo
|c SVKKK
|e AACR2
|
| 041 |
0 |
|
|a slo
|b eng
|
| 044 |
|
|
|a xo
|c SK
|
| 080 |
|
|
|a 504.064:549.291
|2 1997
|
| 080 |
|
|
|a 549.291
|2 1997
|
| 080 |
|
|
|a 614.7(437.6)
|2 1997
|
| 245 |
0 |
0 |
|a Kontaminácia vybraných zložiek prostredia ortuťou v okolí Rudnian a Merníka /
|c Jozef Hančuľák ... [et al.].
|
| 246 |
3 |
1 |
|a Contamination of selected components of environment by mercury in the vicinity of Rudňany and Merník villages
|
| 300 |
|
|
|b Obr., tab.
|
| 504 |
|
|
|a Bibliogr. odkazy
|
| 546 |
|
|
|a Res. angl.
|
| 650 |
0 |
7 |
|a znečistenie pôdy
|2 SNKPH
|9 68318
|
| 650 |
0 |
7 |
|a znečistenie ortuťou
|2 SNKPH
|9 835549
|
| 651 |
|
7 |
|a Rudňany (Slovensko)
|2 SNKPH
|9 55588
|
| 651 |
|
7 |
|a Merník (Slovensko)
|2 SNKPH
|9 60160
|
| 700 |
1 |
|
|a Hančuľák, Jozef,
|d 1966-
|4 aut
|9 164098
|
| 700 |
1 |
|
|a Bobro, Milan,
|d 1940-2008
|4 aut
|9 241806
|
| 700 |
1 |
|
|a Šestinová, Oľga
|4 aut
|9 566588
|
| 700 |
1 |
|
|a Brehuv, Ján
|4 aut
|9 11266
|
| 700 |
1 |
|
|a Slančo, Pavel
|4 aut
|9 490880
|
| 773 |
0 |
|
|t O ekológii vo vybraných aglomeráciách Jelšavy - Lubeníka a stredného Spiša : XV. vedecké sympózium s medzinárodnou účasťou
|d Košice : Slovenská banícka spoločnosť ZSVTS - Základná organizácia pri Ústave geotechniky SAV, 2006
|g S. 23-28
|z 8080770433
|
| 852 |
|
|
|a SVKKK
|b BIB
|
| 958 |
|
|
|a NB
|
| 958 |
|
|
|a SK
|
| 999 |
|
|
|c 1349331
|d 1351261
|